|
|
|
|
| LEADER |
00000nam a22000007a 4500 |
| 005 |
20140129154418.0 |
| 007 |
cr|||| |||| |
| 008 |
140129s2012 sp |||||s|||| 00||0 spa d |
| 020 |
|
|
|a 978-84-9031-549-1
|
| 035 |
|
|
|a 11759
|
| 040 |
|
|
|a vLex
|
| 090 |
|
|
|c 4682
|d 4682
|
| 245 |
0 |
0 |
|a Aspectos sociales y jurd̕icos de la inmigracin̤ musulmana en Extremadura
|h [Recurso electrn̤ico]
|
| 256 |
|
|
|a Servicio en ln̕ea
|
| 260 |
|
|
|a Madrid :
|b Dykinson,
|c 2012
|
| 300 |
|
|
|a 1 recurso electrn̤ico
|
| 500 |
|
|
|a La evolucin̤ reciente de la inmigracin̤, sobre todo a partir de la mitad de la dčada de los noventa, con el incremento y asentamiento de ciertos colectivos en amplias zonas de nuestro territorio, ha supuesto que en relacin̤ con la inmigracin̤ ya no exista n︢icamente la tradicional preocupacin̤ de las autoridades por el control de las fronteras. De hecho, la concentracin̤ de estos colectivos, sobre todo si pertenecen a una etnia o religin̤ especf̕ica, en determinadas r̀eas del territorio ha producido una autňtica transformacin̤ de la estructura social en dichos lugares. El asentamiento de un grupo con tradiciones culturales y religiosas cuando menos extraąs a la cultura y civilizacin̤ occidental ha provocado en algunas ocasiones un rechazo entre la poblacin̤ autc̤tona en detrimento de la labor iniciada por las autoridades en aras a la integracin̤ social de dicho colectivo. En esta obra se muestran algunos de los esfuerzos de las autoridades extremeąs por buscar la integracin̤ de dicho colectivo en nuestro territorio.
|
| 506 |
1 |
|
|a Contenido solo disponible en los productos indicados
|d vLex Global
|d vLex Global (Academic Edition, excluding Law Schools)
|d vLex Global (U.S. Academic Edition, Law Schools)
|d vLex Global (U.S. Academic Edition, excluding Law Schools)
|d vLex Global (Academic Edition, Law Schools)
|
| 650 |
0 |
4 |
|a Inmigraci ̤
|x Aspectos sociales
|
| 740 |
0 |
|
|a vLex Libros (Servicio en ln̕ea)
|
| 856 |
4 |
0 |
|u http://vlex.com/source/aspectos-sociales-y-juridicos-de-la-inmigracion-musulmana-en-extremadura-11759
|z Accesor estringido
|
| 942 |
|
|
|c BOOK
|
| 999 |
0 |
|
|a Emigration and immigration-Social aspects
|